The bell rung to prayers : an earnest persuasive to the daily worship of God in every family : calling upon all houses to be houses of prayer /

Bibliographic Details
Main Author: Jenks, Benjamin, 1646-1724
Format: Microform Book
Language:English
Series:Early English books, 1641-1700 ; 1012:14.
Subjects:

MARC

Tag First Indicator Second Indicator Subfields
LEADER 00000cam a2200000 a 4500
001 in00000892011
005 20150923151030.0
007 hd afv---baca
007 hd bfv---baaa
008 850531s1699 miu a 00010 eng d
035 |a (OCoLC)12100522 
035 |9 AEL8437AM 
037 |a CL0037000033  |b University Microfilms International 
037 |b University Microfilms International, 300 N. Zeeb Rd., Ann Arbor, MI 48106 
040 |a EAE  |c EAE  |d m/c  |d UtOrBLW 
049 |a TXAI 
090 |a BV4526  |b .J46 
099 |a film   |a  B   |a  3609 
100 1 |a Jenks, Benjamin,  |d 1646-1724. 
245 1 4 |a The bell rung to prayers :  |b an earnest persuasive to the daily worship of God in every family : calling upon all houses to be houses of prayer /  |c by Ben. Jenks ... 
264 3 |a London :  |b Printed for Will. Rogers ... and Benj. Tooke ...,  |c 1699. 
300 |a 10 unnumbered pages, 126 pages, 5 unnumbered pages 
336 |a text  |b txt  |2 rdacontent 
337 |a microform  |b h  |2 rdamedia 
338 |a microfilm reel  |b hd  |2 rdacarrier 
500 |a Running title reads: A persuasive to family prayer. 
500 |a Errata on page [5] at end. 
500 |a Reproduction of original in the Union Theological Seminary Library. 
510 4 |a Wing  |c J618. 
533 |a Microfilm.  |b Ann Arbor, Mich. :  |c University Microfilms International,  |d 1983.  |e 1 microfilm reel ; 35 mm.  |f (Early English books, 1641-1700 : 1012:14) 
500 |a Microform. 
650 0 |a Families  |x Religious life. 
650 0 |a Prayer  |v Early works to 1800. 
740 2 |a A persuasive to family-prayer. 
740 2 |a A persuasive to family prayer. 
830 0 |a Early English books, 1641-1700 ;  |v 1012:14. 
999 |a MARS 
999 f f |s ccc7f9b2-14b2-3a2e-9fae-c843b3f107dd  |i eac40e0c-d311-3d9e-8245-803de7be3d51  |t 0 
952 f f |p default  |a Texas A&M University  |b College Station  |c Sterling C. Evans Library  |d Evans: Microforms (3rd floor)  |t 0  |e film B 3609 1012:14  |h Other scheme  |i microform -- microfilm reel 
998 f f |a film B 3609 1012:14  |t 0  |l Evans: Microforms (3rd floor)